[Event "Druzynowe Mistrzostw Polski Juniorow - II Liga"]
[Site "Wroclaw"]
[Date "1899-12-30"]
[Round "7.15"]
[White "Grobelny, Mikolaj"]
[Black "Wons, Krystian"]
[Result "1-0"]
[WhiteTitle "I"]
[BlackTitle "II"]
[WhiteElo "1504"]
[BlackElo "1138"]

1. e4 c5 2. Nf3 Nc6 3. c4 Nf6 4. Nc3 d6 5. d4 cxd4 6. Nxd4 e5 7. Nc2 Be7 8. Bg5
O-O 9. Bxf6 Bxf6 10. Nd5 Be6 11. Be2 Bxd5 12. Qxd5 Qc7 13. Rd1 Nd4 14. Nxd4 exd4
15. Bd3 Qc5 16. O-O Rfc8 17. Rc1 Qb6 18. Qf5 Rc5 19. e5 Kf8 20. Qxh7 Bd8 21. Rfe1
Rxe5 22. Qh8+ Ke7 23. Qxg7 Bc7 24. c5 Qa5 25. b4 Qxb4 26. cxd6+ Qxd6 27. Rxc7+
Kd8 28. Qxe5 Kxc7 29. Rc1+ 1-0

[Event "Druzynowe Mistrzostw Polski Juniorow - II Liga"]
[Site "Wroclaw"]
[Date "1899-12-30"]
[Round "7.16"]
[White "Zalewski, Witold"]
[Black "Stogiera, Aleksander"]
[Result "1-0"]
[WhiteTitle "II"]
[BlackTitle "II"]
[WhiteElo "1231"]
[BlackElo "1092"]

1. e4 c5 2. Nc3 d6 3. g3 Nf6 4. d3 Nc6 5. Bg2 e6 6. f4 Be7 7. Nf3 Nd7 8. O-O O-O
9. Be3 f6 10. f5 exf5 11. Nh4 f4 12. gxf4 Nb6 13. f5 c4 14. Kh1 cxd3 15. cxd3
Ne5 16. Rg1 Bd7 17. Bf3 Kh8 18. Bh5 Bc6 19. d4 Nec4 20. Qg4 Rg8 21. Ng6+ 1-0

[Event "Druzynowe Mistrzostw Polski Juniorow - II Liga"]
[Site "Wroclaw"]
[Date "1899-12-30"]
[Round "7.17"]
[White "Jedrzejko, Martyna"]
[Black "Skolska, Emilia"]
[Result "1-0"]
[WhiteTitle "I+"]
[BlackTitle "I++"]
[WhiteElo "1533"]
[BlackElo "1517"]

1. e4 e5 2. Nf3 Nc6 3. Bc4 Bc5 4. c3 d6 5. O-O Nf6 6. d3 h6 7. a4 a5 8. Bb3 O-O
9. Re1 Nh7 10. d4 exd4 11. cxd4 Bb6 12. h3 Kh8 13. Nc3 Ne7 14. e5 d5 15. Bc2 f5
16. exf6 Rxf6 17. Rxe7 Qxe7 18. Nxd5 Qd6 19. Nxf6 Nxf6 20. Qd3 Be6 21. b3 Rd8
22. Ba3 Qd7 23. Re1 Re8 24. Bb2 Bd5 25. Ne5 Qd8 26. Ba3 Kg8 27. Re3 Be6 28. Bb2
c5 29. dxc5 Bxc5 30. Qxd8 Rxd8 31. Re2 Bd4 32. Nc6 bxc6 33. Bxd4 Rxd4 34. Rxe6
c5 35. Rc6 Rd5 36. b4 1-0

[Event "Druzynowe Mistrzostw Polski Juniorow - II Liga"]
[Site "Wroclaw"]
[Date "1899-12-30"]
[Round "7.18"]
[White "Kaczmarek, Paulina"]
[Black "Rzadkowska, Kaja"]
[Result "1-0"]
[WhiteTitle "I"]
[BlackTitle "I"]
[WhiteElo "1092"]
[BlackElo "1216"]

1. e4 c5 2. Nf3 e6 3. d4 cxd4 4. Nxd4 Nc6 5. Nb5 d6 6. N1c3 a6 7. Nd4 Nf6 8. Be3
Be7 9. f3 Qc7 10. Qd2 b5 11. O-O-O Bb7 12. g4 Rc8 13. Nce2 b4 14. Nxc6 Qxc6 15.
Nd4 Qa4 16. Kb1 O-O 17. h4 Bd8 18. h5 e5 19. Nf5 Nxe4 20. fxe4 Bxe4 21. Bd3 Bxh1
22. Rxh1 Qc6 23. Rh2 a5 24. Nxd6 Rb8 25. Ne4 a4 26. g5 g6 27. Qg2 Qc7 28. Nf6+
Bxf6 29. gxf6 Qd6 30. hxg6 Qxf6 31. gxh7+ Kh8 32. Bg5 Qd6 33. Qd5 Qb6 34. Rh1
f6 35. Bh6 Rfd8 36. Qf7 Rg8 37. hxg8=R+ Rxg8 38. Bg7# 1-0

[Event "Druzynowe Mistrzostw Polski Juniorow - II Liga"]
[Site "Wroclaw"]
[Date "1899-12-30"]
[Round "7.19"]
[White "Grzesik, Gracjan"]
[Black "Zabron, Maksym"]
[Result "1/2-1/2"]
[WhiteTitle "k"]
[BlackTitle "I++"]
[WhiteElo "2218"]
[BlackElo "1947"]

1. c4 e5 2. Nc3 Nf6 3. Nf3 Nc6 4. g3 d5 5. cxd5 Nxd5 6. Bg2 Nb6 7. O-O Be7 8. a3
O-O 9. b4 Re8 10. d3 Bf8 11. Bb2 a5 12. b5 Nd4 13. Nd2 Nd7 14. e3 Nf5 15. Na4
Nc5 16. Nxc5 Bxc5 17. Qc2 Bd6 18. a4 Rb8 19. Nc4 b6 20. Rac1 Bb7 21. Bxb7 Rxb7
22. d4 e4 23. Ne5 Ne7 24. Qxe4 Rb8 25. Qc2 Qc8 26. Qc4 Rf8 27. e4 Qh3 28. f4 Rbc8
29. Nc6 Nxc6 30. bxc6 h5 31. e5 Bb4 32. d5 h4 33. Qb3 Qf5 34. Ba3 Bxa3 35. Qxa3
Rfd8 36. Rfd1 Qe4 37. Qd3 Qxa4 38. Rc4 Qb5 39. Qe4 Qb3 40. Rd3 Qb1+ 41. Kg2 b5
42. Rcd4 a4 43. gxh4 a3 44. Rd1 Qxe4+ 45. Rxe4 a2 46. Red4 b4 47. Rxb4 Rxd5 48.
Ra1 Rd2+ 49. Kf3 Rcd8 50. Ra4 Rc2 51. R1xa2 Rxc6 52. Ra8 Rf8 53. Kg4 f6 54. Rxf8+
Kxf8 55. Kf5 Kf7 56. Rd2 g6+ 57. Ke4 Ke6 58. exf6 Kxf6 59. Kf3 Rd6 60. Rc2 c6
61. Rc5 Re6 62. Kg4 Rd6 63. h5 gxh5+ 64. Rxh5 Rd2 65. Rh6+ Kg7 66. Rxc6 Rxh2 67.
Kg5 Rg2+ 68. Kf5 Rb2 69. Rc7+ Kf8 70. Kg5 Rb6 71. f5 Ra6 72. Rb7 Rc6 73. Rh7 Ra6
74. Rh8+ Kf7 75. Rc8 Rb6 76. Rc7+ Kf8 77. Rc1 Ra6 78. Re1 Rb6 79. f6 Rb2 80. Re5
Kf7 81. Re7+ Kf8 82. Kg6 Rg2+ 83. Kf5 Rf2+ 84. Ke6 Re2+ 85. Kd7 Rd2+ 86. Ke6 1/2-1/2

[Event "Druzynowe Mistrzostw Polski Juniorow - II Liga"]
[Site "Wroclaw"]
[Date "1899-12-30"]
[Round "7.20"]
[White "Pisarek, Jan"]
[Black "Bochniak, Franciszek"]
[Result "1/2-1/2"]
[WhiteTitle "I"]
[BlackTitle "I+"]
[WhiteElo "1832"]
[BlackElo "1664"]

1. e4 e5 2. Nf3 Nf6 3. Nxe5 Nxe4 4. Qe2 Qe7 5. Qxe4 d6 6. d4 dxe5 7. Qxe5 Qxe5+
8. dxe5 Nc6 9. Bb5 Bd7 10. Bxc6 Bxc6 11. O-O O-O-O 12. Be3 g5 13. Nd2 Re8 14.
Bd4 Bg7 15. Rfe1 Re6 16. Re3 Rhe8 17. Rae1 g4 18. c4 Bh6 19. R3e2 f6 20. Nb3 b6
21. Bc3 Bd7 22. Kf1 fxe5 23. Bxe5 c5 24. Na1 Bc6 25. Nc2 Bg5 26. b3 h5 27. Na3
a6 28. Nb1 h4 29. Nc3 h3 30. Nd5 hxg2+ 31. Kg1 Bxd5 32. cxd5 R6e7 33. d6 Re6 34.
Kxg2 Bf4 35. Rd1 Kd7 36. Bxf4 Rxe2 37. a4 R8e4 38. Bg3 Rd4 39. Rc1 Rd3 40. b4
Rxg3+ 41. Kxg3 cxb4 42. Kxg4 Rxf2 43. h4 Kxd6 44. h5 Rh2 45. Kg5 Kd5 46. h6 Kd4
47. Rc6 b5 48. Rxa6 b3 49. axb5 Ke5 50. Ra1 Rg2+ 51. Kh5 b2 52. Rb1 Kf5 53. Rf1+
Ke6 54. h7 Rh2+ 55. Kg6 Rg2+ 56. Kh6 Rh2+ 57. Kg7 Rg2+ 58. Kf8 Rh2 59. Kg8 Rg2+
60. Kf8 Rh2 61. Kg8 Rg2+ 62. Kh8 Rc2 63. Kg8 Rg2+ 64. Kf8 Rh2 1/2-1/2

[Event "Druzynowe Mistrzostw Polski Juniorow - II Liga"]
[Site "Wroclaw"]
[Date "1899-12-30"]
[Round "7.21"]
[White "Sliz, Karol"]
[Black "Duda, Leon"]
[Result "1-0"]
[WhiteTitle "II+"]
[BlackTitle "I"]
[WhiteElo "1615"]
[BlackElo "1562"]

1. e4 b6 2. d4 Bb7 3. Bd3 e6 4. Nf3 g6 5. O-O Bg7 6. Qe2 d6 7. c4 Nd7 8. Bg5 Ne7
9. Nc3 h6 10. Be3 g5 11. d5 e5 12. Nd2 Ng6 13. g3 h5 14. Rfb1 h4 15. g4 Nf4 16.
Qf1 h3 17. f3 Qf6 18. Bc2 Ng2 19. Qf2 Nxe3 20. Qxe3 Qf4 21. Nf1 Nf8 22. Ne2 Qxe3+
23. Nxe3 Ng6 24. b4 Nf4 25. Kf2 Ba6 26. Ng3 Bf8 27. Ngf5 f6 28. Ba4+ Kf7 29. Bc6
Rb8 30. a4 Bb7 31. Bxb7 Rxb7 32. Ke1 Be7 33. Kd2 Rhb8 34. b5 Ra8 35. a5 a6 36.
axb6 Rxb6 37. Nc2 Ng6 38. Nb4 a5 39. Nc6 Ke8 40. Ra4 Kd7 41. Rba1 Bd8 42. Rxa5
Rxa5 43. Rxa5 Ne7 44. Ra8 Nxc6 45. dxc6+ Ke8 46. Ne3 1-0

[Event "Druzynowe Mistrzostw Polski Juniorow - II Liga"]
[Site "Wroclaw"]
[Date "1899-12-30"]
[Round "7.22"]
[White "Stanik, Szymon"]
[Black "Lonski, Aleksander"]
[Result "0-1"]
[WhiteTitle "II"]
[BlackTitle "II"]
[WhiteElo "1249"]
[BlackElo "1517"]

1. e4 e5 2. Nf3 Nc6 3. Nc3 Nf6 4. Bb5 Bb4 5. d3 d6 6. O-O O-O 7. Bg5 Bxc3 8. bxc3
Qe7 9. Re1 Nd8 10. d4 c6 11. Bc4 b5 12. Bb3 Ne6 13. Bc1 Qc7 14. Ba3 Rd8 15. Bb2
c5 16. Bd5 Rb8 17. Qc1 exd4 18. cxd4 c4 19. Bxe6 fxe6 20. c3 a5 21. a3 h6 22.
h3 Bb7 23. Nd2 e5 24. Nf3 Bxe4 25. Qe3 Bxf3 26. Qxf3 exd4 27. cxd4 b4 28. Rac1
d5 29. axb4 axb4 30. Red1 Ra8 31. Ba1 Rdb8 32. Qe2 c3 33. Qd3 Qc4 34. Qf5 Ne4
35. Qf3 Rf8 36. Qg4 Rxf2 37. Qe6+ Kh7 38. Rf1 Qe2 39. Rxf2 Qxf2+ 40. Kh2 Qf4+
0-1

[Event "Druzynowe Mistrzostw Polski Juniorow - II Liga"]
[Site "Wroclaw"]
[Date "1899-12-30"]
[Round "7.23"]
[White "Grzesik, Nikola"]
[Black "Pisarek, Elzbieta"]
[Result "1-0"]
[WhiteTitle "I"]
[BlackTitle "I++"]
[WhiteElo "1452"]
[BlackElo "1804"]

1. e4 c5 2. Nf3 e6 3. d4 cxd4 4. Nxd4 Nf6 5. Nc3 Nc6 6. Be3 Bb4 7. Nxc6 bxc6 8.
Bd3 O-O 9. O-O e5 10. Bg5 Be7 11. Bxf6 Bxf6 12. Bc4 Qe7 13. Bb3 d6 14. Qe2 g6
15. Rfd1 Bg7 16. Qc4 Bb7 17. a4 a5 18. Qe2 Kh8 19. Rab1 f5 20. f3 Bh6 21. Re1
Ba6 22. Bc4 Bc8 23. Rf1 fxe4 24. fxe4 Be6 25. Rxf8+ Rxf8 26. Bxe6 Qxe6 27. Rf1
Rxf1+ 28. Kxf1 d5 29. b3 d4 30. Nd1 Qf6+ 31. Qf3 Kg7 32. Qxf6+ Kxf6 33. Ke2 Bf8
34. Nf2 Ke6 35. Nd3 h6 36. Kf3 Ba3 37. Kg4 Kf6 38. h3 Ke6 39. Kf3 Kf6 40. Kg4
Ke6 41. Kf3 Kf6 42. Nf2 h5 43. Nd3 Bd6 44. g4 hxg4+ 45. Kxg4 Ba3 46. h4 Bd6 47.
h5 gxh5+ 48. Kxh5 Ba3 49. Nf2 Bb4 50. Ng4+ Ke6 51. Kg6 Be7 52. Nf2 Bb4 53. Nh3
Bd2 54. Ng5+ Kd6 55. Nf3 Bf4 56. Kf5 Bg3 57. Nd2 Kc5 58. Nc4 Kb4 59. Nxe5 Kc3
60. Nxc6 Kxc2 61. Nxd4+ Kd3 62. Nc6 Bc7 63. e5 Kc3 64. e6 Bd6 65. Nxa5 Kb4 66.
Nb7 Be7 67. Ke5 Kxb3 68. a5 Kb4 69. a6 Kb5 70. a7 1-0

[Event "Druzynowe Mistrzostw Polski Juniorow - II Liga"]
[Site "Wroclaw"]
[Date "1899-12-30"]
[Round "7.24"]
[White "Gajda, Anna"]
[Black "Sliwicka, Weronika"]
[Result "1/2-1/2"]
[WhiteTitle "II"]
[BlackTitle "I"]
[WhiteElo "1073"]
[BlackElo "1281"]

1. e4 c5 2. Nf3 e6 3. d4 cxd4 4. Nxd4 a6 5. Bd3 Qc7 6. Qe2 d6 7. c4 Nf6 8. Nc3
g6 9. f4 Nbd7 10. O-O Bg7 11. Kh1 O-O 12. Bd2 Nc5 13. Rae1 Nfxe4 14. Nxe6 Ng3+
15. hxg3 Bxe6 16. b3 h5 17. Bc2 Bg4 18. Qf2 Ne6 19. Nd5 Qd8 20. Qb6 Qxb6 21. Nxb6
Rad8 22. Nd5 Kh7 23. f5 Nd4 24. fxg6+ fxg6 25. Bb1 Ne2 26. Kh2 Bd4 27. Nf4 Nxf4
28. Re7+ Bg7 29. gxf4 Rd7 30. Rfe1 Rf7 31. Rxd7 Rxd7 32. Bb4 d5 33. cxd5 Rxd5
34. Re7 Rd7 35. Be4 Rxe7 36. Bxe7 Bc8 37. Bc5 Bc3 38. a3 Kg7 39. Kg3 Kf6 40. Kh4
Be1+ 41. g3 Bc3 42. a4 b5 43. axb5 axb5 44. Bc6 b4 45. Bd5 Kg7 46. Be7 Bf6+ 47.
Bxf6+ Kxf6 48. Bc4 Bf5 49. Bd5 Bc2 50. Bc4 Kf5 51. Bd5 Bd1 52. Bf7 Bf3 53. Bc4
Kf6 54. Bg8 Bc6 1/2-1/2

[Event "Druzynowe Mistrzostw Polski Juniorow - II Liga"]
[Site "Wroclaw"]
[Date "1899-12-30"]
[Round "7.25"]
[White "Malik, Maciej"]
[Black "Cichon, Bartlomiej"]
[Result "1-0"]
[WhiteTitle "I++"]
[BlackTitle "I"]
[WhiteElo "1984"]
[BlackElo "1938"]

1. e4 c5 2. d4 cxd4 3. c3 Nf6 4. e5 Nd5 5. cxd4 d6 6. Bc4 Nb6 7. Bb5+ Bd7 8. e6
fxe6 9. Bd3 Bc6 10. Qg4 Nd5 11. Nc3 Nf6 12. Qh3 Qb6 13. Nge2 Bd7 14. Be3 e5 15.
Qg3 exd4 16. Bxd4 Qa5 17. b4 Qh5 18. Nf4 Qg4 19. Bxf6 gxf6 20. Ncd5 Kd8 21. Rc1
Nc6 22. Qe3 Bh6 23. Rxc6 e5 24. Rxd6 Bxf4 25. Qe4 Rc8 26. O-O Rf8 27. Qxh7 Re8
28. Nxf6 Re7 29. Nxg4 Rxh7 30. Bxh7 1-0

[Event "Druzynowe Mistrzostw Polski Juniorow - II Liga"]
[Site "Wroclaw"]
[Date "1899-12-30"]
[Round "7.26"]
[White "Bajer, Tomasz"]
[Black "Kotowicz, Kamil"]
[Result "1-0"]
[WhiteTitle "II+"]
[BlackTitle "I"]
[WhiteElo "1369"]
[BlackElo "1770"]

1. Nf3 d5 2. c4 e6 3. b3 c6 4. g3 Nf6 5. Bg2 Bd6 6. Bb2 Nbd7 7. O-O O-O 8. d3 Re8
9. Nbd2 e5 10. e3 Nf8 11. cxd5 cxd5 12. e4 d4 13. Qc2 Bd7 14. Rfc1 Rc8 15. Qd1
b5 16. a4 Qb6 17. Rxc8 Rxc8 18. Rc1 Rxc1 19. Bxc1 a6 20. axb5 axb5 21. Nb1 Qa6
22. Qc2 Ne6 23. Bh3 h6 24. Nh4 Qc6 25. Qxc6 Bxc6 26. Bxe6 fxe6 27. Ba3 Bxa3 28.
Nxa3 g5 29. Ng6 Be8 30. Nxe5 g4 31. Nc2 Nd7 32. Nxd7 Bxd7 33. e5 Kf7 34. Nxd4
Kg6 35. b4 h5 36. Kf1 Kg5 37. Ke2 h4 38. Ke3 hxg3 39. hxg3 Kg6 40. Kf4 Kh5 41.
f3 gxf3 42. Kxf3 Kg5 43. g4 Kg6 44. Kg3 Kg5 45. Nf3+ Kg6 46. Kh4 Kh6 47. Nd4 Kg6
48. g5 Kg7 49. Kg4 Kg6 50. Ne2 Kh7 51. Nf4 Kg7 52. Kh5 Bc8 53. g6 Bd7 54. Kg5
Bc8 55. Nh5+ Kg8 56. Kf6 Bd7 57. Nf4 1-0

[Event "Druzynowe Mistrzostw Polski Juniorow - II Liga"]
[Site "Wroclaw"]
[Date "1899-12-30"]
[Round "7.27"]
[White "Pycinski, Wladyslaw"]
[Black "Nowakowski, Maksymilian"]
[Result "1-0"]
[WhiteTitle "I"]
[BlackTitle "II+"]
[WhiteElo "1701"]
[BlackElo "1363"]

1. d4 e6 2. Nf3 f5 3. g3 Nf6 4. Bg2 d5 5. O-O c6 6. c4 Be7 7. Nbd2 O-O 8. Ne5 b6
9. Ndf3 Bb7 10. Qc2 Ne4 11. b3 Qc8 12. Bb2 Nd7 13. Rac1 Ndf6 14. Qb1 Qd8 15. Rc2
Rc8 16. Rfc1 Qd6 17. Nd3 Nd7 18. Qa1 Ba6 19. Nfe5 Nb8 20. Nf4 Rf6 21. c5 Qd8 22.
cxb6 Qxb6 23. Bxe4 fxe4 24. Ng4 Rxf4 25. gxf4 Rf8 26. e3 g5 27. fxg5 Bxg5 28.
Ba3 Rf7 29. Bd6 Rg7 30. Be5 Bf6 31. Bxf6 Rxg4+ 32. Kh1 Kf7 33. Be5 Bd3 34. Rd2
Qd8 35. Rg1 Qh4 36. Bxb8 Rxg1+ 37. Qxg1 Qh5 38. f3 Qxf3+ 39. Qg2 1-0

[Event "Druzynowe Mistrzostw Polski Juniorow - II Liga"]
[Site "Wroclaw"]
[Date "1899-12-30"]
[Round "7.28"]
[White "Pawlowski, Kamil"]
[Black "Tim, Wojciech"]
[Result "1-0"]
[WhiteTitle "II"]
[BlackTitle "II"]
[WhiteElo "1257"]
[BlackElo "1300"]

1. e4 e6 2. b3 d5 3. Bb2 Nf6 4. e5 Nfd7 5. d4 c5 6. c3 Nc6 7. Nf3 Qb6 8. Be2 cxd4
9. cxd4 Bb4+ 10. Bc3 Qc7 11. Qd2 Bxc3 12. Nxc3 a6 13. O-O f6 14. exf6 Nxf6 15.
Rfe1 O-O 16. Rac1 h6 17. h3 Qf7 18. Qe3 Bd7 19. Na4 Rae8 20. Nc5 Bc8 21. Nd3 Ne4
22. Rf1 Nd6 23. Nde5 Nxe5 24. Nxe5 Qf4 25. Bh5 Qxe3 26. fxe3 Rd8 27. a4 Rxf1+
28. Rxf1 Nf5 29. Bf7+ Kh7 30. Bg6+ Kg8 31. Bxf5 exf5 32. Rc1 g5 33. g3 h5 34.
Rc7 g4 35. h4 b5 36. axb5 axb5 37. Nc6 Re8 38. Rxc8 1-0

[Event "Druzynowe Mistrzostw Polski Juniorow - II Liga"]
[Site "Wroclaw"]
[Date "1899-12-30"]
[Round "7.29"]
[White "Tim, Anna"]
[Black "Gornisiewicz, Natalia"]
[Result "1/2-1/2"]
[WhiteTitle "I"]
[BlackTitle "I++"]
[WhiteElo "1159"]
[BlackElo "1425"]

1. d4 Nf6 2. c4 g6 3. Nc3 Bg7 4. e4 d6 5. Nf3 O-O 6. Be2 c5 7. d5 Na6 8. O-O Bd7
9. Bg5 Rb8 10. e5 dxe5 11. Nxe5 Ne8 12. Nxd7 Qxd7 13. Qd2 Nd6 14. Rad1 Nc7 15.
b3 Rfe8 16. Bf4 a6 17. Na4 b6 18. Bf3 Rec8 19. Qe2 Rb7 20. Rfe1 Nce8 21. Bg4 f5
22. Bf3 Bf6 23. Nb2 g5 24. Bxd6 exd6 25. h3 Qe7 26. Qxe7 Rxe7 27. Rxe7 Bxe7 28.
Re1 Bf6 29. Nd3 Ng7 30. Rc1 b5 31. Rb1 f4 32. Bg4 Rb8 33. Re1 h5 34. Be6+ Kf8
35. f3 bxc4 36. bxc4 Bd4+ 37. Kf1 Be3 38. Bd7 h4 39. Bg4 Ne8 40. Bd7 Nf6 41. Bg4
Kg7 42. Rd1 Nxg4 43. fxg4 Rf8 44. Ke2 Bd4 45. Kf3 Re8 46. Re1 1/2-1/2

[Event "Druzynowe Mistrzostw Polski Juniorow - II Liga"]
[Site "Wroclaw"]
[Date "1899-12-30"]
[Round "7.31"]
[White "Owoc, Jakub"]
[Black "Zarebska, Lena"]
[Result "1/2-1/2"]
[WhiteTitle "I"]
[BlackTitle "k"]
[WhiteElo "1756"]
[BlackElo "1805"]

1. Nf3 c5 2. b3 b6 3. Bb2 Bb7 4. e3 e6 5. d4 Nf6 6. Nbd2 Be7 7. Bd3 O-O 8. O-O
d5 9. c4 Nbd7 10. Qe2 Ne4 11. Rac1 Rc8 12. Bb1 f5 13. cxd5 exd5 14. Ne5 Nxe5 15.
dxe5 Qd7 16. Rfd1 Qe6 17. f3 Nxd2 18. Rxd2 Rfd8 19. Rcd1 Bc6 20. Bd3 Rb8 21. e4
fxe4 22. fxe4 Bg5 23. exd5 Bxd5 24. Rc2 Qh6 25. Bc1 Be6 26. Bxg5 Qxg5 27. Rcd2
Rd4 28. Bc4 Bxc4 29. bxc4 Rxd2 30. Rxd2 Re8 31. Rd5 Qc1+ 32. Rd1 1/2-1/2

[Event "Druzynowe Mistrzostw Polski Juniorow - II Liga"]
[Site "Wroclaw"]
[Date "1899-12-30"]
[Round "7.32"]
[White "Sloniewska, Alicja"]
[Black "Krupinski, Mikolaj"]
[Result "0-1"]
[WhiteTitle "I++"]
[BlackTitle "I"]
[WhiteElo "1735"]
[BlackElo "1747"]

1. d4 d5 2. c4 e6 3. cxd5 exd5 4. Nc3 Nf6 5. Bg5 c6 6. Qc2 h6 7. Bxf6 Qxf6 8. Nxd5
Qxd4 9. Rd1 Bb4+ 10. Nc3 Qc5 11. e3 Be6 12. a3 Bxc3+ 13. Qxc3 Qxc3+ 14. bxc3 Nd7
15. Nf3 O-O-O 16. Be2 Nb6 17. O-O Bc4 18. Bxc4 Nxc4 19. a4 Rxd1 20. Rxd1 Nb2 21.
Ra1 Rd8 22. Nd4 c5 23. Nb3 Nxa4 24. Kf1 Nxc3 25. Nxc5 Rd1+ 26. Rxd1 Nxd1 27. Ke2
Nb2 28. Ne4 Kd7 29. h4 Kc6 30. g4 a5 31. f4 a4 32. h5 Nc4 33. Kd3 b5 34. Nc3 a3
35. Na2 Kc5 36. g5 b4 37. Nc1 Na5 38. f5 f6 39. e4 Kd6 40. gxh6 gxh6 0-1

[Event "Druzynowe Mistrzostw Polski Juniorow - II Liga"]
[Site "Wroclaw"]
[Date "1899-12-30"]
[Round "7.33"]
[White "Piatek, Szymon"]
[Black "Sloniewski, Wojciech"]
[Result "0-1"]
[WhiteTitle "II"]
[BlackTitle "II"]
[WhiteElo "1322"]
[BlackElo "1062"]

1. e4 c5 2. Nf3 e6 3. d4 cxd4 4. Nxd4 Nc6 5. Nxc6 bxc6 6. Bd3 Bc5 7. O-O d5 8.
Nd2 Ne7 9. Nf3 O-O 10. b3 Ng6 11. Re1 Bb4 12. Bd2 Bxd2 13. Qxd2 Bb7 14. e5 Qb6
15. c4 Rad8 16. Qc2 Qc5 17. a3 dxc4 18. b4 Qb6 19. Qxc4 a5 20. Rab1 axb4 21. Rxb4
Qc7 22. Reb1 Ba8 23. Bxg6 hxg6 24. Re1 Rd5 25. h3 Rb8 26. Reb1 Rxb4 27. Rxb4 c5
28. Rb3 Rd1+ 29. Kh2 Bd5 30. Qc3 Bxb3 31. Qxb3 Rd8 32. Qc4 Ra8 33. a4 Qc6 34.
Ng5 Rxa4 35. Qd3 Ra8 36. Qc4 Qc7 37. Qf4 c4 38. g3 c3 39. Qe4 Rc8 40. Qc2 Qd7
41. Nf3 Qb7 42. Ne1 Qb2 43. Kg2 Qxc2 44. Nxc2 f6 45. exf6 gxf6 46. Kf3 e5 47.
Ke4 Kf7 48. g4 Ke6 49. h4 Rc4+ 50. Kf3 Rf4+ 51. Kg3 Kd5 52. h5 gxh5 53. gxh5 Ke6
54. Ne1 Kf5 55. f3 Kg5 56. Nd3 Rc4 57. Kf2 c2 58. Nc1 Rd4 59. Ke2 Rd1 0-1

[Event "Druzynowe Mistrzostw Polski Juniorow - II Liga"]
[Site "Wroclaw"]
[Date "1899-12-30"]
[Round "7.34"]
[White "Mieszczankowski, Adam"]
[Black "Gruca, Karol"]
[Result "1-0"]
[WhiteTitle "II"]
[BlackTitle "II"]
[WhiteElo "1044"]
[BlackElo "1346"]

1. e4 c5 2. Nf3 g6 3. d4 cxd4 4. Nxd4 Nc6 5. Nc3 Bg7 6. Be3 Nf6 7. Bc4 O-O 8. O-O
d6 9. h3 Re8 10. Qd2 Bd7 11. Rad1 Qc8 12. Nxc6 bxc6 13. Bg5 Be6 14. Bxe6 Qxe6
15. Rde1 Qd7 16. Bh6 Reb8 17. Bxg7 Kxg7 18. b3 c5 19. f4 Rb4 20. f5 Rd4 21. Qe3
e5 22. fxg6 hxg6 23. Qf3 Rb8 24. Qxf6+ Kg8 25. Nd5 Re8 26. Qf3 Rxd5 27. exd5 f5
28. Qg3 Qf7 29. Qg5 Kg7 30. c4 Rh8 31. Rf2 Qd7 32. g4 Rxh3 33. gxf5 Qf7 34. fxg6
Qxg6 35. Qxg6+ Kxg6 36. Rg2+ Kf5 37. Rf1+ Ke4 38. Rf6 Kd3 39. Rxd6 e4 40. Re6
e3 41. d6 Rh4 42. d7 Rd4 43. Re7 e2 44. Rgxe2 a5 45. R7e3# 1-0

[Event "Druzynowe Mistrzostw Polski Juniorow - II Liga"]
[Site "Wroclaw"]
[Date "1899-12-30"]
[Round "7.35"]
[White "Szopa, Emilia"]
[Black "Anyz, Monika"]
[Result "1-0"]
[WhiteTitle "I++"]
[BlackTitle "I++"]
[WhiteElo "1816"]
[BlackElo "1792"]

1. e4 c5 2. Nf3 Nc6 3. d4 cxd4 4. Nxd4 Nf6 5. Nc3 e5 6. Ndb5 d6 7. Bg5 a6 8. Bxf6
gxf6 9. Na3 b5 10. Nd5 f5 11. exf5 Bxf5 12. Qf3 Nd4 13. Nc7+ Qxc7 14. Qxa8+ Bc8
15. Bd3 Ke7 16. Qe4 Bg7 17. O-O Bb7 18. Qg4 Bf6 19. c3 h5 20. Qd1 Ne6 21. f3 Rg8
22. Kh1 Nf4 23. Rf2 Qc5 24. Rc2 Qe3 25. Bf1 Nh3 26. Bxb5 axb5 27. Nxb5 Rd8 28.
Qe1 Qxe1+ 29. Rxe1 Bh4 30. Re3 Bg5 31. Re1 Nf4 32. c4 Ne6 33. b4 Ba6 34. a4 Bxb5
35. axb5 Rb8 36. Ra1 Be3 37. Ra3 Bd4 38. g3 Nc7 39. f4 f6 40. Ra5 d5 41. cxd5
Nxb5 42. fxe5 fxe5 43. Rc6 Nd6 44. Rc7+ Kd8 45. Rh7 e4 46. Ra6 Ne8 47. b5 e3 48.
Kg2 Nc7 49. Rd6+ Kc8 50. Rc6 Rb7 51. d6 Be5 52. Rcxc7+ Rxc7 53. Rxc7+ Kd8 54.
Re7 Bd4 55. Kf3 Bc5 56. Re5 Bxd6 57. Rxh5 1-0

[Event "Druzynowe Mistrzostw Polski Juniorow - II Liga"]
[Site "Wroclaw"]
[Date "1899-12-30"]
[Round "7.36"]
[White "Zapalowska, Wiktoria"]
[Black "Pajak, Patrycja"]
[Result "1/2-1/2"]
[WhiteTitle "I"]
[BlackTitle "I"]
[WhiteElo "1528"]
[BlackElo "1078"]

1. e4 c5 2. Nf3 d6 3. Bb5+ Bd7 4. a4 Nf6 5. d3 g6 6. O-O Bg7 7. Nc3 O-O 8. Re1
a6 9. Bxd7 Nbxd7 10. Bd2 Re8 11. h3 Rb8 12. a5 Qc7 13. Qe2 b6 14. axb6 Rxb6 15.
Ra2 Rb7 16. b3 Ra7 17. Na4 Qb7 18. Bc3 e5 19. Nd2 Nb6 20. Nxb6 Qxb6 21. Nc4 Qc6
22. Rea1 Nd7 23. Qe1 Rea8 24. Ba5 Rb7 25. Ne3 Nf6 26. b4 Bh6 27. bxc5 Qxc5 28.
Nc4 Nd7 29. Ra4 Rab8 30. c3 Bf8 31. Bb4 Qc7 32. Rxa6 Nc5 33. Bxc5 Qxc5 34. Qe3
Qxe3 35. Nxe3 Rb1+ 36. Rxb1 Rxb1+ 37. Kh2 Rb2 38. Nc4 Rb3 39. Ra3 Rb1 40. Ne3
Bh6 41. Kg3 Bxe3 42. fxe3 Kf8 43. d4 Rc1 44. Kf3 Ke7 45. Ra7+ Kf6 46. Rc7 Rc2
47. c4 Ke6 48. c5 dxc5 49. Rxc5 Rxc5 50. dxc5 Kd7 51. Kg4 f6 52. h4 Kc6 53. Kf3
Kxc5 54. Ke2 Kc6 55. Kd2 1/2-1/2

[Event "Druzynowe Mistrzostw Polski Juniorow - II Liga"]
[Site "Wroclaw"]
[Date "1899-12-30"]
[Round "7.37"]
[White "Paprocki, Antoni"]
[Black "Borowik, Wojciech"]
[Result "1-0"]
[WhiteTitle "I++"]
[BlackTitle "I++"]
[WhiteElo "1981"]
[BlackElo "1746"]

1. d4 Nf6 2. c4 e6 3. g3 d5 4. Bg2 Be7 5. Nf3 O-O 6. O-O dxc4 7. Ne5 c5 8. dxc5
Bxc5 9. Nxc4 Qe7 10. Nc3 Rd8 11. Qc2 Nc6 12. Bxc6 bxc6 13. Bg5 e5 14. Ne4 Bh3
15. Na5 Bxf1 16. Bxf6 gxf6 17. Nxc6 Rac8 18. Nxe7+ Bxe7 19. Nxf6+ Bxf6 20. Qf5
Bxe2 21. Qxf6 e4 22. Qg5+ Kf8 23. h3 Bf3 24. Kh2 h5 25. Rc1 Re8 26. Rc5 Rxc5 27.
Qxc5+ Kg8 28. g4 hxg4 29. hxg4 a6 30. Kg3 Re6 31. g5 Bd1 32. b3 Kh7 33. Kf4 Kg8
34. Ke3 Bf3 35. Qd5 Kf8 36. b4 Ke7 37. a4 Rd6 38. Qc5 Ke6 39. b5 axb5 40. axb5
Rd3+ 41. Kf4 Bg2 42. Qc6+ Ke7 43. b6 Rf3+ 44. Ke5 e3 45. Qc5+ Ke8 46. b7 f6+ 47.
gxf6 e2 48. Qe7# 1-0

[Event "Druzynowe Mistrzostw Polski Juniorow - II Liga"]
[Site "Wroclaw"]
[Date "1899-12-30"]
[Round "7.38"]
[White "Borowik, Karol"]
[Black "Herka, Jakub"]
[Result "1/2-1/2"]
[WhiteTitle "II"]
[BlackTitle "I"]
[WhiteElo "1412"]
[BlackElo "1433"]

1. d4 Nf6 2. Nf3 e6 3. c4 b6 4. e3 Bb7 5. Bd3 c5 6. O-O cxd4 7. exd4 d5 8. Nc3
Be7 9. Ne5 O-O 10. cxd5 Nxd5 11. Ne4 Nd7 12. f4 Nb4 13. Bb1 f5 14. Nc3 Nxe5 15.
fxe5 Bg5 16. Ne2 Qd5 17. Rf2 Bxc1 18. Qxc1 Rfd8 19. a3 Nc6 20. Ba2 Qd7 21. Rxf5
Nxd4 22. Nxd4 Qxd4+ 23. Kh1 Bd5 24. Rg5 Bxa2 25. Rxg7+ Kxg7 26. Qg5+ Kh8 27. Qf6+
Kg8 28. Qg5+ Kh8 29. Qf6+ Kg8 30. Qg5+ Kh8 31. Qf6+ 1/2-1/2

[Event "Druzynowe Mistrzostw Polski Juniorow - II Liga"]
[Site "Wroclaw"]
[Date "1899-12-30"]
[Round "7.39"]
[White "Khimichenko, Dmytro"]
[Black "Bartnik, Michal"]
[Result "0-1"]
[WhiteTitle "II+"]
[BlackTitle "II+"]
[WhiteElo "1412"]
[BlackElo "1591"]

1. e4 e6 2. d4 d5 3. exd5 exd5 4. Bd3 Bd6 5. Nf3 Ne7 6. O-O Bg4 7. c3 Nbc6 8. h3
Bh5 9. Re1 Qd7 10. Be3 O-O-O 11. b4 Nf5 12. Qc2 Nxe3 13. Rxe3 Bg6 14. Nbd2 Bxd3
15. Qxd3 f6 16. Nb3 Ne7 17. Nc5 Bxc5 18. bxc5 c6 19. Qc2 b6 20. Rb1 Kb7 21. cxb6
axb6 22. Qb2 Nc8 23. Nd2 Rde8 24. Nb3 Kc7 25. Rbe1 Rxe3 26. Rxe3 Re8 27. Qe2 Rxe3
28. Qxe3 Qe7 29. Qd2 Nd6 30. Kf1 Qe4 31. f3 Qb1+ 32. Kf2 Nc4 33. Qe2 Kd7 34. f4
g6 35. Qg4+ Kd6 36. Qe2 Qe4 37. Qxe4 dxe4 38. g4 f5 39. g5 Kd5 40. Ke2 e3 41.
Kd3 e2 42. Kxe2 Ke4 43. Nd2+ Nxd2 44. Kxd2 Kxf4 45. Kd3 b5 46. c4 bxc4+ 47. Kc3
Ke3 48. a4 f4 49. a5 f3 50. a6 f2 51. a7 f1=Q 52. a8=Q Qd3+ 53. Kb4 Qxd4 54. Qe8+
Kd3 55. Qxc6 Qb2+ 56. Kc5 Qa3+ 57. Kd5 c3 58. Qc4+ Kd2 59. Qd4+ Kc2 60. Qf2+ Kb3
61. Qb6+ Qb4 62. Qe3 Qb5+ 63. Kd6 Qb4+ 64. Kd5 Kb2 65. Qe2+ c2 66. Qe5+ Qc3 67.
Qe2 Kb1 68. Qb5+ Qb2 69. Qd3 Ka1 70. Kd6 c1=Q 71. Qa6+ Qa2 0-1